000 00576nam a22001577a 4500
005 20251031125410.0
008 251031b |||||||| |||| 00| 0 eng d
041 _aeng
082 _a891.220
_bNATK
100 _aAllahabad University
245 _aNatak Saptak/Hindi Parishad Prakashan, Allahabad University
260 _aAllahabad:
_bHindi Parishad Prakashan,
_c2004
300 _a232p.
880 _6245
_aनाटक सप्तक/हिन्दी परिषद प्रकाशन, इलाहाबाद विश्वविद्यालय
942 _cBK
999 _c28126
_d28126